The Czech Islamophobic movement: beyond ‘populism’?

Titel: The Czech Islamophobic movement: beyond ‘populism’? / Ondřej Slačálek & Eva Svobodová
Verfasser: ;
In: Patterns of prejudice, Band 52, Heft 5 (2018), Seite 479-495
alle Artikel anzeigen
Veröffentlicht: 2018
Format: Aufsatz
Sprache: Englisch
Schlagworte:
Kein Bild verfügbar
X
alg: 50918239
001A    $03025:29-06-23 
001B    $01999:29-06-23 $t23:01:42.000 
001D    $03025:29-06-23 
001U    $0utf8 
001X    $00 
002@    $0Oou 
002C    $aText $btxt $2rdacontent 
002D    $aComputermedien $bc $2rdamedia 
002E    $aOnline-Ressource $bcr $2rdacarrier 
003@    $0509182399 
007A    $0509182399 $aHEB 
009Q    $uhttps://doi.org/10.1080/0031322X.2018.1495377 $xH 
010@    $aeng 
010E    $erda 
011@    $a2018 
021A    $aThe @Czech Islamophobic movement: beyond ‘populism’? $hOndřej Slačálek & Eva Svobodová 
028A    $BVerfasser $4aut $7104615625X $8Slačálek, Ondřej$Z1982- [Tp3] $9335052886 
028C    $BVerfasser $4aut $7 $8Svobodová, Eva [Tnx] $9169855244 
031A    $d52 $e5 $h479-495 $j2018 
039B    $aEnthalten in $8--Obvc--. Patterns of prejudice. - London {[u.a.] : Inst., 1967-. - Online-Ressource. - ISSN 1461-7331 $x201800000520005521 $9092431496 
044K    $RBöhmische Länder $RČeská SR $RTschechoslowakei $#Tschechien $#Tschechische Republik $#Tschechische Republik $#Tschechenland $#Tschechei Tschechien $#Česká Republika $#Czech Republic $#ČR $74303381-7 $8Tschechien [Tg1] $9086659812 
044K    $RFremdenfeindlichkeit $#Islamophobia $#Islamophobie $#Islamofobia $#Islamofobia $#Islamfeindlichkeit $#Islamophobie $#Islamfeindschaft $#Antiislamismus $#Muslimfeindschaft $#Muslimfeindlichkeit $77640216-2 $8Islamfeindlichkeit [Ts1] $9208159703 
044K    $#Populism $#Populisme $#Populismo $#Populismo $#Populismus $#Populismus $74129521-3 $8Populismus [Ts1] $9085454206 
045F    $a306.0943710905 $eDDC23BSB 
045F/01 $a306.09 
045F/03 $f0905 
045F/03 $g4371 
045T    $a7,7 
045T    $aJUDAICA $qDE-30 $2FID 

lok: 50918239 78

exp: 50918239 78 1 #EPN
201B/01 $029-06-23 $t17:33:00.000 
201C/01 $029-06-23 
201U/01 $0utf8 
203@/01 $01238538487 
208@/01 $a29-06-23 $be 
209A/01 $a/ $f000 $x00 
209A/01 $ab*p $x01 
209A/01 $aEnglische Zusammensetzung, S. 479 $x03 
220C/01 $apgar 
244Z/01 $#Böhmische Kronländer $#Länder der Böhmischen Krone $#Sudetenland $#Böhmen $#Mähren $#Mährisch-Schlesien $#Österreichisch-Schlesien $#Tschechische Sozialistische Republik Böhmische Länder $#Tschechei Böhmische Länder $#Země koruny české $74069573-6 $8--Tg1--Böhmische Länder $x03 $9085195553 
247C/01 $82080>Marburg/Lahn, Herder-Institut, Forschungsbibliothek, Bibliographieportal $9336309341
LEADER 00000caa a2200000 c 4500
001 509182399
003 DE-603
005 20230629230142.0
007 cr||||||||||||
008 230629s2018 xx |||| o| u00||u|eng c
035 |a (DE-599)HEB509182399 
040 |a DE-603  |b ger  |c DE-603  |d DE-603  |e rda 
041 |a eng 
082 0 4 |8 1\u  |a 306.0943710905  |q DE-101  |2 23/BSB 
084 |a 7,7  |2 ssgn 
084 |a JUDAICA  |q DE-30  |2 fid 
085 |8 1\u  |b 306.09 
085 |8 1\u  |z 1  |s 0905 
085 |8 1\u  |z 2  |s 4371 
100 1 |a Slačálek, Ondřej  |d 1982-  |e Verfasser  |4 aut  |0 (DE-603)335052886  |0 (DE-588)104615625X  |2 gnd 
245 0 0 |a ˜Theœ Czech Islamophobic movement: beyond ‘populism’?  |c Ondřej Slačálek & Eva Svobodová 
264 0 |c 2018 
336 |a Text  |b txt  |2 rdacontent 
337 |a Computermedien  |b c  |2 rdamedia 
338 |a Online-Ressource  |b cr  |2 rdacarrier 
650 7 |a Islamfeindlichkeit  |0 (DE-588)7640216-2  |0 (DE-603)208159703  |2 gnd 
650 7 |a Populismus  |0 (DE-588)4129521-3  |0 (DE-603)085454206  |2 gnd 
651 7 |a Tschechien  |0 (DE-588)4303381-7  |0 (DE-603)086659812  |2 gnd 
700 1 |a Svobodová, Eva  |e Verfasser  |4 aut  |0 (DE-603)169855244 
773 0 8 |i Enthalten in  |t Patterns of prejudice  |d London ˜[u.a.] œ: Inst., 1967-  |h Online-Ressource  |x 1461-7331  |g Band 52, Heft 5 (2018), Seite 479-495  |w (DE-603)092431496  |w (DE-600)2004163-9 
856 |u https://doi.org/10.1080/0031322X.2018.1495377  |x Verlag 
924 1 |9 2080  |a (DE-603)1238538487  |b DE-2080  |c HES  |d d  |g /